000 00285nam a2200121Ia 4500
008 221030s9999 xx 000 0 und d
041 _aEnglish
100 _aR Lafore
245 0 _aObject - Oriented Programming in Turbo C++
_cby R Lafore
260 _c0
650 _aMc
942 _cBK
999 _c14341
_d14341